ARRUPE JESUIT UNIVERSITY

CORONAVIRUS -STOP THE SPREAD - CLEAN,DISINFECT,COVER

The chairperson's role as servant-leader to the board / (Record no. 129119)

MARC details
000 -LEADER
fixed length control field 01209pam a2200325 a 4500
001 - CONTROL NUMBER
control field 1163765
003 - CONTROL NUMBER IDENTIFIER
control field ARRUPE
005 - DATE AND TIME OF LATEST TRANSACTION
control field 20190305110011.0
008 - FIXED-LENGTH DATA ELEMENTS--GENERAL INFORMATION
fixed length control field 960918s1997 cau 000 0 eng
010 ## - LIBRARY OF CONGRESS CONTROL NUMBER
LC control number 96035715
020 ## - INTERNATIONAL STANDARD BOOK NUMBER
International Standard Book Number 0787903000 (pbk.)
040 ## - CATALOGING SOURCE
Original cataloging agency DLC
Transcribing agency DLC
Modifying agency DLC
050 00 - LIBRARY OF CONGRESS CALL NUMBER
Classification number HD2745
Item number .C372 1997
082 00 - DEWEY DECIMAL CLASSIFICATION NUMBER
Classification number 658.4/22
Edition number 20
300 ## - PHYSICAL DESCRIPTION
Dimensions 23 cm.
100 1# - MAIN ENTRY--PERSONAL NAME
Personal name Carver, John.
9 (RLIN) 43764
245 14 - TITLE STATEMENT
Title The chairperson's role as servant-leader to the board /
Statement of responsibility, etc John Carver.
250 ## - EDITION STATEMENT
Edition statement 1st ed.
260 ## - PUBLICATION, DISTRIBUTION, ETC. (IMPRINT)
Place of publication, distribution, etc San Francisco :
Name of publisher, distributor, etc Jossey-Bass,
Date of publication, distribution, etc c1997.
300 ## - PHYSICAL DESCRIPTION
Extent 16 p. ;
490 1# - SERIES STATEMENT
Series statement CarverGuide ;
Volume number/sequential designation 4
650 #0 - SUBJECT ADDED ENTRY--TOPICAL TERM
Topical term or geographic name as entry element Directors of corporations.
9 (RLIN) 43765
650 #0 - SUBJECT ADDED ENTRY--TOPICAL TERM
Topical term or geographic name as entry element Corporate governance.
9 (RLIN) 43766
650 #0 - SUBJECT ADDED ENTRY--TOPICAL TERM
Topical term or geographic name as entry element Chief executive officers.
9 (RLIN) 44962
800 1# - SERIES ADDED ENTRY--PERSONAL NAME
Personal name Carver, John.
Title of a work CarverGuide ;
Volume/sequential designation 4.
9 (RLIN) 44963
856 42 - ELECTRONIC LOCATION AND ACCESS
Materials specified Contributor biographical information
Uniform Resource Identifier <a href="http://www.loc.gov/catdir/bios/wiley045/96035715.html">http://www.loc.gov/catdir/bios/wiley045/96035715.html</a>
856 42 - ELECTRONIC LOCATION AND ACCESS
Materials specified Publisher description
Uniform Resource Identifier <a href="http://www.loc.gov/catdir/description/wiley039/96035715.html">http://www.loc.gov/catdir/description/wiley039/96035715.html</a>
906 ## - LOCAL DATA ELEMENT F, LDF (RLIN)
a 7
b cbc
c orignew
d 1
e ocip
f 19
g y-gencatlg
942 ## - ADDED ENTRY ELEMENTS (KOHA)
Source of classification or shelving scheme Library of Congress Classification
Koha item type Monograph ( Printed materials)
Holdings
Withdrawn status Lost status Source of classification or shelving scheme Damaged status Not for loan Collection code Home library Current library Shelving location Date acquired Total Checkouts Full call number Barcode Date last seen Date checked out Price effective from Koha item type
    Library of Congress Classification     Main Collection ARRUPE LIBRARY ARRUPE LIBRARY Main Collection 05/03/2019 2 HD2745 .C372 1997 46600004062 21/11/2019 08/11/2019 05/03/2019 Monograph ( Printed materials)

 

Arrupe Library. PO Box MP320 Mt Pleasant, Harare, Zimbabwe
263 242 745411|librarian@aju.ac.zw